Statistics for NBA Teams with 0 MVP Awards

Click here to take the quiz!

General Stats

  • This quiz has been taken 256 times
  • The average score is 6 of 8

Answer Stats

Team% Correct
Charlotte Hornets
87%
New Orleans Pelicans
79%
Brooklyn Nets
77%
Orlando Magic
76%
Toronto Raptors
74%
Indiana Pacers
73%
Memphis Grizzlies
73%
Detroit Pistons
70%

Score Distribution

Percentile by Number Answered

Percent of People with Each Score

Your Score History

You have not taken this quiz